| 000 | 00560nam a2200193Ia 4500 | ||
|---|---|---|---|
| 003 | GCL | ||
| 008 | 140319s9999 xx 000 0 eng d | ||
| 040 |
_aGCL / _cGCL |
||
| 082 | 0 | 4 |
_a443 _bC O |
| 100 | 1 | _aCARREARD, MARIE HELENE GRUNDY, VALESIE | |
| 245 | 1 | 0 |
_aTHE OXFORD-HACHETTE CONCISE FRENCH DICTIONARY FRENCH-ENGLISH-FRENCH / _cCARREARD, MARIE HELENE GRUNDY, VALESIE |
| 700 | 1 | _aGRUNDY,VALESIE | |
| 260 |
_a[S.N] : _bHACHETTE LIVRE ، _c1995 |
||
| 300 | _a1447P | ||
| 650 | 0 | 4 | _aFRENCH |
| 650 | 0 | 4 | _aENGLISH |
| 650 | 0 | 4 | _aDIDIONASY |
| 942 |
_2ddc _cBK |
||
| 999 |
_c11331 _d11331 |
||